000 00560nam a22001817a 4500
005 20251108172700.0
008 250721s1999 xx 000 0 ara d
082 1 4 _a363.125/غوي
100 1 _aغويبة، سمير
_eمؤلف
245 1 0 _aحوادث الطرق المشكلة و الحل :
_bالمشكلة الإجتماعية /
264 1 _aعمان :
_bدار زهران،
_c1999.
300 _a305ص.
650 1 7 _aحوادث المرور
650 1 7 _aمنع الحوادث
650 1 7 _aالإصابات
942 _2ddc
_cBK
999 _c85836
_d85836